Online
Catalog

La política internacional de Fernando el católico / (Record no. 14531)

MARC details
000 -CABECERA
campo de control de longitud fija 00677cam a2200205 a 4500
001 - NÚMERO DE CONTROL
campo de control 000014955
005 - FECHA Y HORA DE LA ÚLTIMA TRANSACCIÓN
campo de control 20200929163929.0
008 - DATOS DE LONGITUD FIJA--INFORMACIÓN GENERAL
campo de control de longitud fija 840402s1944 sp b 000 0bspa
040 ## - FUENTE DE LA CATALOGACIÓN
Centro catalogador/agencia de origen DO-SdBNP
Lengua de catalogación spa
Centro/agencia transcriptor LC
Centro/agencia modificador BNPHU
050 00 - SIGNATURA TOPOGRÁFICA DE LA BIBLIOTECA DEL CONGRESO
Número de clasificación DP164
Número de documento/Ítem .D6
082 ## - NÚMERO DE LA CLASIFICACIÓN DECIMAL DEWEY
Número de clasificación nn*
Número de documento/Ítem D741p
049 ## - FONDOS LOCALES (OCLC)
Fondos de biblioteca BNGR
100 1# - ENTRADA PRINCIPAL--NOMBRE DE PERSONA
Nombre de persona Doussinague, José María.
9 (RLIN) 33846
245 13 - MENCIÓN DE TÍTULO
Título La política internacional de Fernando el católico /
Mención de responsabilidad, etc. José M. Doussinague.
260 ## - PUBLICACIÓN, DISTRIBUCIÓN, ETC.
Lugar de publicación, distribución, etc. Madrid :
Nombre del editor, distribuidor, etc. Espasa-Calpe,
Fecha de publicación, distribución, etc. 1944.
300 ## - DESCRIPCIÓN FÍSICA
Extensión 681 p. :
Otras características físicas maps. ;
Dimensiones 23 cm.
600 00 - PUNTO DE ACCESO ADICIONAL DE MATERIA--NOMBRE DE PERSONA
Nombre de persona Ferdinand
Numeración V,
Títulos y otros términos asociados al nombre King of Spain,
Fechas asociadas al nombre 1452-1516.
9 (RLIN) 33847
651 #0 - PUNTO DE ACCESO ADICIONAL DE MATERIA--NOMBRE GEOGRÁFICO
Nombre geográfico Spain
Subdivisión general Foreign Relations
Subdivisión cronológica 1479-1516.
9 (RLIN) 33848
910 ## - DATOS DE OPCIÓN DEL USUARIO (OCLC)
Datos de opción del usuario Catalogación por copia / LC
Holdings
Estado de retiro Estado de pérdida Restricciones de uso No para préstamo Código de colección Localización permanente Ubicación/localización actual Ubicación en estantería Fecha de adquisición Número de inventario Total de préstamos Signatura topográfica completa Código de barras Fecha visto por última vez Precio válido a partir de Tipo de ítem Koha
      Excluido de préstamo Monografías: Libros y Folletos General General En catalogación 27.01.2010 LF1   nn* D741p 14955-10 25.06.2020 25.06.2020 No se presta

Powered by Koha